| Tag |
First Indicator |
Second Indicator |
Subfields |
| LEADER |
00000cam a2200000 a 4500 |
| 001 |
in00001256808 |
| 005 |
20151003085144.0 |
| 008 |
950425s1995 cau 000 0 eng |
| 010 |
|
|
|a 95000144
|
| 020 |
|
|
|a 0898157439
|
| 035 |
|
|
|a (OCoLC)32469675
|
| 035 |
|
|
|9 AGV0859AM
|
| 040 |
|
|
|a DLC
|c DLC
|d OCJ
|d TXA
|d UtOrBLW
|
| 049 |
|
|
|a TXAM
|
| 050 |
0 |
0 |
|a BF637.L4
|b F85 1995
|
| 082 |
0 |
0 |
|a 303.3/4
|2 20
|
| 100 |
1 |
|
|a Fulton, Roger.
|
| 245 |
1 |
0 |
|a Common sense leadership :
|b a handbook for success as a leader /
|c by Roger Fulton.
|
| 264 |
|
1 |
|a Berkeley, Calif. :
|b Ten Speed Press,
|c [1995]
|
| 264 |
|
4 |
|c ©1995
|
| 300 |
|
|
|a x, 127 pages ;
|c 21 cm.
|
| 336 |
|
|
|a text
|b txt
|2 rdacontent
|
| 337 |
|
|
|a unmediated
|b n
|2 rdamedia
|
| 338 |
|
|
|a volume
|b nc
|2 rdacarrier
|
| 650 |
|
0 |
|a Leadership.
|
| 999 |
|
|
|a MARS
|
| 999 |
f |
f |
|s 540b7fdc-5918-3d0e-ade0-2179b6e5617d
|i bd7c8b03-d928-36ab-afb5-3eb785f6727b
|t 0
|
| 952 |
f |
f |
|p normal
|a Texas A&M University
|b College Station
|c Sterling C. Evans Library
|d Evans: Library Stacks
|t 0
|e BF637.L4 F85 1995
|h Library of Congress classification
|i unmediated -- volume
|m A14826618195
|
| 998 |
f |
f |
|a BF637.L4 F85 1995
|t 0
|l Evans: Library Stacks
|